Combined Height of Skyscrapers Quiz Stats

 Plays Quiz not verified by Sporcle

Also try: Secret Country VI
Challenge
Share
Tweet
Embed
Score 0/31 Timer 08:00
0 Plays Today
Combined Height (meters) Country % Correct
580,200United States
99.1%
650,150China
97.4%
450,000Japan
97.4%
288,000Canada
96.5%
335,200Australia
94.7%
278,500United Kingdom
94.7%
180,000Mexico
94.7%
280,100Germany
93.9%
129,900France
93.9%
314,200United Arab Emirates
93%
260,000Brazil
93%
280,000South Korea
90.4%
300,100India
89.5%
321,000Argentina
88.6%
120,000Indonesia
84.2%
302,000South Africa
82.5%
Combined Height (meters) Country % Correct
300,120Chile
80.7%
320,000Colombia
78.1%
319,000Taiwan
77.2%
314,200Malaysia
77.2%
290,000Turkey
77.2%
278,500Thailand
75.4%
333,000Venezuela
73.7%
290,200Philippines
68.4%
286,300Vietnam
65.8%
333,836*Hong Kong
61.4%
280,700Qatar
60.5%
260,000Panama
56.1%
298,200Kuwait
54.4%
100,820Norway
20.2%
322,002Macedonia
3.5%

You're not logged in!

Compare scores with friends on all Sporcle quizzes.
Join for Free
OR
Log In

You Might Also Like...

Show Comments

Extras

Top Quizzes Today


Score Distribution

Your Account Isn't Verified!

In order to create a playlist on Sporcle, you need to verify the email address you used during registration. Go to your Sporcle Settings to finish the process.

Report this User

Report this user for behavior that violates our Community Guidelines.

Details: